Short-wave radiation phenomena / (Record no. 595367)

000 -LEADER
fixed length control field 00768nam a22001457a 4500
040 ## - CATALOGING SOURCE
Transcribing agency NUST
082 ## - DEWEY DECIMAL CLASSIFICATION NUMBER
Classification number 621.384151,HUN
100 ## - MAIN ENTRY--PERSONAL NAME
Personal name Hund, August
9 (RLIN) 113940
245 ## - TITLE STATEMENT
Title Short-wave radiation phenomena /
Statement of responsibility, etc. August Hund
250 ## - EDITION STATEMENT
Edition statement 1st ed
Remainder of edition statement Vol-1
260 ## - PUBLICATION, DISTRIBUTION, ETC.
Place of publication, distribution, etc. New York
Name of publisher, distributor, etc. McGraw-Hill
Date of publication, distribution, etc. 1952
300 ## - PHYSICAL DESCRIPTION
Extent xvi,788 p.;
505 ## - FORMATTED CONTENTS NOTE
Formatted contents note Ch-1: Fundamental Concepts and Relations of Currents and Electromagenetic Fields (Page-3), Ch-2; Space Electromah=genatics Fields of Elementary Electric and Magnetic Dipoles (Page-144), Ch-3: Fundamental methods Used in Electromagnetic Theory (Page-195), Ch-4: Propagation Characteristics (Page-362), Ch-5: Transmission Lines and Radiation (Page-402), Ch-6: Unobstructed Space Radiation (Page-529).
942 ## - ADDED ENTRY ELEMENTS (KOHA)
Source of classification or shelving scheme
Koha item type Book
Call number prefix 621.384151,HUN
Holdings
Withdrawn status Lost status Source of classification or shelving scheme Damaged status Not for loan Permanent Location Current Location Shelving location Date acquired Full call number Barcode Date last seen Price effective from Koha item type Public note
          Military College of Signals (MCS) Military College of Signals (MCS) General Stacks 08/04/2023 621.384151,HUN MCS6967 08/04/2023 08/04/2023 Book Almirah No.84, Shelf No.2
          Military College of Signals (MCS) Military College of Signals (MCS) General Stacks 08/04/2023 621.384151,HUN MCS6595 08/04/2023 08/04/2023 Book Almirah No.84, Shelf No.2
          Military College of Signals (MCS) Military College of Signals (MCS) General Stacks 08/07/2023 621.384151,HUN MCS6968 08/07/2023 08/07/2023 Book Almirah No.84, Shelf No.2
© 2023 Central Library, National University of Sciences and Technology. All Rights Reserved.